005420000a2200181000450024500830000065000150008365000230009865000130012165000280013465000150016265100480017765300270022565300130025204100130026570000220027810000200030077300400032010aRodent dispersal of visicular - arbuscular mycorrhizal fungi in amazonian Peru14aEcología14aBosques tropicales14aRoedores14aDispersión de esporas14aMicorrizas 4lParque Nacional ManudMadre de DiospPerú fEchimyidaegProechimys gOryzomys0 aInglés1 aEmmons, Louise H.1 aJanos, David P.1 tEcology357h6q1852-1858d1995g76